Ľahčené betóny : Výskum a problematika výroby

Guardado en:
Detalles Bibliográficos
Autor principal: Figuš, Viliam (Autor)
Formato: Libro
Lenguaje:eslovaco
Publicado: Bratislava : SAV, 1963
Etiquetas: Agregar Etiqueta
Sin Etiquetas, Sea el primero en etiquetar este registro!

MARC

LEADER 00000nam a22000003a 4500
001 stu142090
005 20150617225920.2
008 070605s1963----cs------------------slo-d
040 |a STU  |b slo 
041 0 |a slo 
044 |a cs 
080 |a 691.32 
100 1 |a Figuš, Viliam  |4 aut 
245 1 |a Ľahčené betóny :  |b Výskum a problematika výroby 
260 |a Bratislava :  |b SAV,  |c 1963 
300 |a 313 s.;tab.,schémy 
996 |b 284V035372  |c V*3087/O-438  |l VVS  |s A  |a 24  |w stu142090_0001 
996 |b 284V027742  |c V*3088/O-438a  |l VVT  |s A  |a 24  |w stu142090_0002